[Event "SVM_Regionalliga_2023-24"]
[Site "?"]
[Date "2023.10.15"]
[Round "3.4"]
[White "Haverkamp, Klaus"]
[Black "Richter, Götz"]
[Result "0-1"]
[WhiteElo "1872"]
[BlackElo "1896"]
[PlyCount "120"]
[EventDate "2023.10.15"]
[WhiteTeam "SV Herzogenrath 1"]
[BlackTeam "Klub Kölner SF 3"]

1. e4 c5 2. Nf3 d6 3. d4 cxd4 4. Nxd4 Nf6 5. Nc3 Nc6 6. h3 e5 7. Nde2 Be7 8.
Be3 Be6 9. Qd2 d5 10. exd5 Nxd5 11. Nxd5 Qxd5 12. Qxd5 Bxd5 13. Nc3 Be6 14.
O-O-O O-O 15. Nd5 Rfc8 16. Bb5 Bf8 17. Kb1 Nd4 18. Bxd4 Bxd5 19. Bxe5 Bxg2 20.
Rhg1 Bxh3 21. Bd3 Be6 22. f4 f5 23. Rg5 g6 24. Rdg1 Bc5 25. R1g2 Rf8 26. a3
Rad8 27. b4 Bd4 28. Re2 Kf7 29. Rg3 Rfe8 30. Rh3 Bxe5 31. Rxe5 h5 32. Bb5 Re7
33. Kb2 a6 34. Bd3 Rd4 35. Rf3 Bd5 36. Rxd5 Rxd5 37. Bc4 Red7 38. Rd3 Ke6 39.
Rg3 Kf6 40. Bxd5 Rxd5 41. Kb3 Rd4 42. Rf3 b5 43. a4 h4 44. a5 g5 45. fxg5+ Kxg5
46. c3 Rc4 47. Rd3 Rc6 48. Kc2 Rh6 49. Rf3 h3 50. Rf1 h2 51. Rh1 Kg4 52. Kd3
Kg3 53. Ke3 f4+ 54. Ke4 f3 55. Rd1 h1=Q 56. Rxh1 Rxh1 57. Kd4 f2 58. c4 bxc4
59. Kxc4 f1=Q+ 60. Kc5 Rh5+ 0-1

[Event "SVM_Regionalliga_2023-24"]
[Site "?"]
[Date "2023.10.15"]
[Round "3.5"]
[White "Georgi, Thomas"]
[Black "Arns, Danny"]
[Result "1/2-1/2"]
[WhiteElo "1857"]
[BlackElo "1904"]
[PlyCount "28"]
[EventDate "2023.10.15"]
[WhiteTeam "Klub Kölner SF 3"]
[BlackTeam "SV Herzogenrath 1"]

1. e4 e6 2. d4 d5 3. exd5 exd5 4. Bd3 Nf6 5. Nf3 Be7 6. h3 O-O 7. O-O Re8 8.
Bf4 Be6 9. Nbd2 Nbd7 10. Ng5 Nf8 11. c3 h6 12. Nxe6 Nxe6 13. Be5 c6 14. Qc2 Nd7
1/2-1/2

[Event "SVM_Regionalliga_2023-24"]
[Site "?"]
[Date "2023.10.15"]
[Round "3.6"]
[White "Schmitt, Lars"]
[Black "Krenzel, Mark"]
[Result "1-0"]
[WhiteElo "1816"]
[BlackElo "1877"]
[PlyCount "94"]
[EventDate "2023.10.15"]
[WhiteTeam "SV Herzogenrath 1"]
[BlackTeam "Klub Kölner SF 3"]

1. d4 Nf6 2. c4 e6 3. Nc3 d5 4. cxd5 exd5 5. Bg5 Be7 6. e3 O-O 7. Bd3 h6 8. Bh4
c6 9. Qc2 Be6 10. Nf3 Nbd7 11. O-O Rc8 12. a3 Bg4 13. Nd2 c5 14. h3 cxd4 15.
exd4 Be6 16. f4 Nb6 17. Nf3 Re8 18. Rae1 Nc4 19. Ne5 Qb6 20. Bxc4 Qxd4+ 21. Bf2
Qxf4 22. Bb5 Red8 23. Bb6 Qg3 24. Bxd8 Bxd8 25. Qd3 Qg5 26. Qf3 Bb6+ 27. Kh1
Nh5 28. Ng4 Bc7 29. Ne2 d4 30. Bd7 d3 31. Bxc8 dxe2 32. Rf2 Bc4 33. Qe3 Qd8 34.
Qc1 Qd4 35. Qe3 Qd8 36. Qc1 Qd4 37. Qe3 Qd8 38. b3 Ba6 39. Bxb7 Bb6 40. Qf3
Bxf2 41. Nxf2 Bxb7 42. Qxb7 Qa5 43. Qb8+ Kh7 44. Rxe2 Qxa3 45. Qe5 Qc1+ 46. Kh2
Nf4 47. Qf5+ Ng6 1-0

[Event "SVM_Regionalliga_2023-24"]
[Site "?"]
[Date "2023.10.15"]
[Round "3.7"]
[White "Krone, Aaron"]
[Black "Boxberg, Marc"]
[Result "1/2-1/2"]
[WhiteElo "1708"]
[BlackElo "1698"]
[PlyCount "71"]
[EventDate "2023.10.15"]
[WhiteTeam "Klub Kölner SF 3"]
[BlackTeam "SV Herzogenrath 1"]

1. d4 Nf6 2. c4 c5 3. d5 b5 4. cxb5 a6 5. bxa6 d6 6. Nc3 Bxa6 7. Nf3 g6 8. g3
Bg7 9. Bg2 O-O 10. O-O Nbd7 11. Re1 Qa5 12. Bd2 Rfb8 13. Qc2 Ra7 14. e4 Ng4 15.
Bf1 Nge5 16. Nxe5 Nxe5 17. Kg2 Bxf1+ 18. Rxf1 Nc4 19. Bc1 Rab7 20. Nd1 Nxb2 21.
Nxb2 Bxb2 22. Bxb2 Rxb2 23. Qc1 Rxa2 24. Rxa2 Qxa2 25. Qg5 Qa7 26. h4 e6 27.
dxe6 fxe6 28. Rd1 Qc7 29. Qf6 Qd7 30. h5 Rf8 31. Qg5 Qd8 32. Qg4 Qf6 33. f4 d5
34. exd5 exd5 35. hxg6 hxg6 36. Rxd5 {(=)} 1/2-1/2

[Event "SVM_Regionalliga_2023-24"]
[Site "?"]
[Date "2023.10.15"]
[Round "3.8"]
[White "Moonen, Hans"]
[Black "Kaets, Jona"]
[Result "1/2-1/2"]
[WhiteElo "1938"]
[BlackElo "1436"]
[PlyCount "30"]
[EventDate "2023.10.15"]
[WhiteTeam "SV Herzogenrath 1"]
[BlackTeam "Klub Kölner SF 3"]

1. e4 e5 2. f4 d5 3. exd5 exf4 4. Nc3 Qh4+ 5. Ke2 Nf6 6. Nf3 Bg4 7. Qe1 Qh5 8.
Kf2+ Kd8 9. d4 Bxf3 10. gxf3 Bd6 11. Bd3 Qh4+ 12. Kf1 Qh3+ 13. Kf2 Qh4+ 14. Kf1
Qh3+ 15. Kf2 Qh4+ 1/2-1/2

[Event "SVM_Regionalliga_2023-24"]
[Site "?"]
[Date "2023.10.15"]
[Round "3.1"]
[White "Borriss, Martin"]
[Black "Reinöhl, Christian"]
[Result "1-0"]
[WhiteElo "2391"]
[BlackElo "2130"]
[PlyCount "81"]
[EventDate "2023.10.15"]
[WhiteTeam "SG Siebengebirge 1"]
[BlackTeam "SK Troisdorf 1"]

1. e4 e5 2. Nf3 Nc6 3. Bb5 a6 4. Ba4 Nf6 5. O-O Be7 6. Re1 b5 7. Bb3 O-O 8. a4
b4 9. d4 d6 10. h3 Nxd4 11. Nxd4 exd4 12. Qxd4 c5 13. Qd3 Bb7 14. Nd2 Re8 15.
Nf3 Bf8 16. Bg5 h6 17. Bh4 g5 18. Bxg5 hxg5 19. Nxg5 d5 20. e5 Ne4 21. Rxe4
dxe4 22. Qg3 Bg7 23. Nxf7 Qd2 24. Nd6+ Kh7 25. Nxb7 Rxe5 26. Qh4+ Qh6 27. Qxh6+
Bxh6 28. Rd1 Rf8 29. Rd7+ Kg6 30. Bc4 Bc1 31. Nd6 e3 32. fxe3 Rxe3 33. Bd3+ Kf6
34. Ne4+ Ke5 35. b3 Kf4 36. Nxc5 Re1+ 37. Kf2 Rh1 38. g3+ Ke5+ 39. Kg2 Rd1 40.
h4 Be3 41. Re7+ 1-0

[Event "SVM_Regionalliga_2023-24"]
[Site "?"]
[Date "2023.10.15"]
[Round "3.2"]
[White "Schwarz, Andreas"]
[Black "Richter, Dirk"]
[Result "1-0"]
[WhiteElo "2138"]
[BlackElo "2052"]
[PlyCount "69"]
[EventDate "2023.10.15"]
[WhiteTeam "SK Troisdorf 1"]
[BlackTeam "SG Siebengebirge 1"]

1. e4 c5 2. Nf3 d6 3. d4 cxd4 4. Nxd4 Nf6 5. Nc3 a6 6. Be3 e6 7. f3 b5 8. Qd2
Bb7 9. g4 Nc6 10. g5 Nd7 11. O-O-O Nce5 12. f4 Nc4 13. Bxc4 bxc4 14. Rhe1 Be7
15. f5 Nc5 16. Qg2 Qa5 17. fxe6 O-O 18. Nf5 Qc7 19. Bxc5 dxc5 20. Nh6+ Kh8 21.
Nxf7+ Rxf7 22. exf7 Qf4+ 23. Kb1 Qxf7 24. Nd5 c3 25. g6 Qe6 26. Nxe7 Qxe7 27.
Qh3 h6 28. Rd7 Bc8 29. Qxh6+ gxh6 30. Rxe7 cxb2 31. Rg1 Bh3 32. Rh7+ Kg8 33.
Rxh6 Bd7 34. g7 Kf7 35. g8=Q+ 1-0

[Event "SVM_Regionalliga_2023-24"]
[Site "?"]
[Date "2023.10.15"]
[Round "3.3"]
[White "Wambach, Patrick"]
[Black "Fuß, Jean-Pierre"]
[Result "1/2-1/2"]
[WhiteElo "1961"]
[BlackElo "1988"]
[PlyCount "86"]
[EventDate "2023.10.15"]
[WhiteTeam "SG Siebengebirge 1"]
[BlackTeam "SK Troisdorf 1"]

1. Nf3 Nf6 2. c4 e6 3. g3 Be7 4. Bg2 O-O 5. O-O c6 6. Nc3 d5 7. cxd5 cxd5 8. d3
Nc6 9. Bf4 Qb6 10. Na4 Qa6 11. a3 Bd7 12. b4 b6 13. Nc3 b5 14. Qb3 Rac8 15. Ne5
Nd4 16. Qb2 Rxc3 17. e3 Rfc8 18. exd4 Rc2 19. Qb1 Qb6 20. Nc4 bxc4 21. Qxc2
cxd3 22. Qb3 a5 23. Rfc1 Rxc1+ 24. Rxc1 axb4 25. axb4 Qxd4 26. Be3 d2 27. Rd1
Qxb4 28. Qa2 h6 29. Bxd2 Qa4 30. Qb1 Bb5 31. Bf3 Ne4 32. Bxe4 dxe4 33. Be3 Bd3
34. Qb8+ Kh7 35. Rc1 Bf6 36. Qa7 Qxa7 37. Bxa7 g5 38. Be3 Kg6 39. Rc8 Bg7 40.
Rg8 Kh7 41. Re8 Bc4 42. Rc8 Bd5 43. Rc7 Kg6 1/2-1/2

[Event "SVM_Regionalliga_2023-24"]
[Site "?"]
[Date "2023.10.15"]
[Round "3.4"]
[White "Keßler, Ulrich"]
[Black "Schild, Willi"]
[Result "1/2-1/2"]
[WhiteElo "1944"]
[BlackElo "1857"]
[PlyCount "99"]
[EventDate "2023.10.15"]
[WhiteTeam "SK Troisdorf 1"]
[BlackTeam "SG Siebengebirge 1"]

1. Nf3 d5 2. c4 c6 3. g3 Nf6 4. Bg2 Bf5 5. cxd5 cxd5 6. Qb3 Qb6 7. Qxb6 axb6 8.
Nc3 e6 9. Nb5 Na6 10. d3 Bb4+ 11. Bd2 Ke7 12. a3 Bxd2+ 13. Kxd2 h6 14. h3 Rhc8
15. Rac1 Nc5 16. Nfd4 Bh7 17. b4 Ncd7 18. Rxc8 Rxc8 19. Nc3 Ne5 20. Ndb5 Nc6
21. Rc1 Ra8 22. Kc2 Nd7 23. Kb2 f6 24. Nb1 Rc8 25. Nd2 Nde5 26. Bf1 Nf7 27. Nb1
Nd6 28. Nxd6 Kxd6 29. Nc3 Ra8 30. Nb5+ Kd7 31. Bg2 Rc8 32. h4 Ne7 33. Rxc8 Nxc8
34. Bh3 Nd6 35. Nd4 Bg8 36. f4 Ke7 37. Nf3 Bf7 38. Nd4 e5 39. fxe5 fxe5 40.
Nf5+ Nxf5 41. Bxf5 Be6 42. Bxe6 Kxe6 43. e4 Kd6 44. a4 Kc6 45. Kc3 dxe4 46.
dxe4 b5 47. a5 Kd6 48. Kd3 Ke6 49. Ke3 Kf6 50. Kf3 1/2-1/2

[Event "SVM_Regionalliga_2023-24"]
[Site "?"]
[Date "2023.10.15"]
[Round "3.5"]
[White "Fast, Hartmut"]
[Black "Both, David"]
[Result "0-1"]
[WhiteElo "1863"]
[BlackElo "1933"]
[PlyCount "38"]
[EventDate "2023.10.15"]
[WhiteTeam "SG Siebengebirge 1"]
[BlackTeam "SK Troisdorf 1"]

1. e4 c6 2. d4 d5 3. exd5 cxd5 4. c4 Nf6 5. Nc3 Nc6 6. cxd5 Nxd5 7. h3 g6 8.
Nf3 Bg7 9. Qb3 Nxc3 10. bxc3 O-O 11. Be3 Qc7 12. Bd3 b6 13. Rc1 Rd8 14. O-O Bb7
15. Ng5 e6 16. Ne4 Rac8 17. Bg5 Rd7 18. Nf6+ Bxf6 19. Bxf6 Qf4 0-1

[Event "SVM_Regionalliga_2023-24"]
[Site "?"]
[Date "2023.10.15"]
[Round "3.6"]
[White "Möws, Thomas"]
[Black "Anderton, Philip"]
[Result "1-0"]
[WhiteElo "1759"]
[BlackElo "1828"]
[PlyCount "57"]
[EventDate "2023.10.15"]
[WhiteTeam "SK Troisdorf 1"]
[BlackTeam "SG Siebengebirge 1"]

1. d4 Nf6 2. Nf3 e6 3. e3 d5 4. Bd3 Bd6 5. O-O O-O 6. Nbd2 Nbd7 7. Re1 c5 8. c3
Qc7 9. e4 dxe4 10. Nxe4 Nxe4 11. Rxe4 Nf6 12. Rh4 h6 13. Be3 Rd8 14. Qc1 Bf8
15. Bxh6 gxh6 16. Rxh6 Bxh6 17. Qxh6 Qe7 18. Ng5 Rd5 19. h4 cxd4 20. Re1 Rxg5
21. hxg5 Qf8 22. Qxf6 Qg7 23. Qd8+ Qf8 24. Qxd4 Qg7 25. Re4 Qxd4 26. Rxd4 b6
27. Rd8+ Kg7 28. Be4 Rb8 29. Bc6 1-0

[Event "SVM_Regionalliga_2023-24"]
[Site "?"]
[Date "2023.10.15"]
[Round "3.7"]
[White "Geuer, Martin"]
[Black "Bartl, Dirk"]
[Result "1/2-1/2"]
[WhiteElo "1784"]
[BlackElo "1763"]
[PlyCount "77"]
[EventDate "2023.10.15"]
[WhiteTeam "SG Siebengebirge 1"]
[BlackTeam "SK Troisdorf 1"]

1. d4 Nf6 2. Bf4 g6 3. Nc3 d6 4. e4 Bg7 5. Be2 Nfd7 6. Nf3 Nc6 7. Bg5 a6 8. a4
h6 9. Be3 b6 10. Qd2 Bb7 11. O-O Nb4 12. Rad1 a5 13. Ne1 Nf6 14. f3 Kf8 15. d5
Kg8 16. Nb5 Kh7 17. c3 Na6 18. Nd3 Nc5 19. Qc2 Ba6 20. Nd4 Qd7 21. Nxc5 bxc5
22. Bxa6 Rxa6 23. Nb5 Ne8 24. Qe2 Ra8 25. h3 Rf8 26. Rfe1 c6 27. dxc6 Qxc6 28.
Qd3 Nc7 29. Re2 c4 30. Qc2 Nxb5 31. axb5 Qxb5 32. Rd5 Qc6 33. Red2 Rfb8 34. f4
a4 35. e5 dxe5 36. f5 Rb5 37. fxg6+ fxg6 38. Rxb5 Qxb5 39. Qe4 1/2-1/2

[Event "SVM_Regionalliga_2023-24"]
[Site "?"]
[Date "2023.10.15"]
[Round "3.8"]
[White "Sejdini, Valentin"]
[Black "Delekat, Julian"]
[Result "1-0"]
[WhiteElo "1742"]
[BlackElo "1630"]
[PlyCount "97"]
[EventDate "2023.10.15"]
[WhiteTeam "SK Troisdorf 1"]
[BlackTeam "SG Siebengebirge 1"]

1. d4 Nf6 2. c4 e6 3. Nc3 d5 4. Nf3 Be7 5. Bf4 c6 6. e3 O-O 7. Bd3 Nbd7 8. c5
b6 9. b4 bxc5 10. bxc5 Qa5 11. Qc2 Ba6 12. O-O Bxd3 13. Qxd3 Nh5 14. Ng5 Bxg5
15. Bxg5 e5 16. Be7 exd4 17. Bxf8 Nxf8 18. exd4 Nf4 19. Qe3 Qxc3 20. Qxf4 Ne6
21. Qd6 Rd8 22. Qe7 Qxd4 23. Rae1 Qf6 24. Rxe6 fxe6 25. Qxa7 d4 26. Qb6 e5 27.
Rd1 d3 28. Qb3+ Qf7 29. Rxd3 Rxd3 30. Qxd3 Qxa2 31. Qd8+ Kf7 32. Qd7+ Kf6 33.
Qxc6+ Qe6 34. Qb6 e4 35. Kf1 g6 36. Ke2 Ke5 37. Ke3 Qd5 38. Qd6+ Qxd6 39. cxd6
Kxd6 40. Kxe4 Ke6 41. g4 g5 42. h3 Kf6 43. Kd5 Kg6 44. Ke6 h6 45. f3 h5 46. Ke5
hxg4 47. hxg4 Kg7 48. Kf5 Kh6 49. Kf6 1-0

[Event "SVM_Regionalliga_2023-24"]
[Site "?"]
[Date "2023.11.05"]
[Round "4.1"]
[White "Richter, Dirk"]
[Black "Karimi, Farhad"]
[Result "0-1"]
[WhiteElo "2052"]
[BlackElo "2069"]
[PlyCount "122"]
[EventDate "2023.11.05"]
[WhiteTeam "SG Siebengebirge 1"]
[BlackTeam "Satranç Club 1"]

1. c4 Nf6 2. Nc3 c5 3. g3 g6 4. Bg2 Bg7 5. Nf3 O-O 6. O-O d6 7. d4 Nbd7 8. b3
Rb8 9. Bb2 cxd4 10. Nxd4 Nc5 11. Qd2 h5 12. h3 Bd7 13. Rad1 Kh7 14. e4 a6 15.
Qe2 Qc8 16. Kh2 Re8 17. f4 e5 18. fxe5 dxe5 19. Nf3 Kg8 20. Ng5 Be6 21. Nd5
Ncd7 22. Bxe5 Bxd5 23. Bxb8 Qxb8 24. cxd5 h4 25. d6 hxg3+ 26. Kh1 Re5 27. h4
Bh6 28. Qe3 Nh7 29. Qxg3 Nxg5 30. hxg5 Rxg5 31. Qf2 Rh5+ 32. Kg1 Qe8 33. Rd3
Qe6 34. Rg3 Bg7 35. Bf3 Rh4 36. Rg5 Qh3 37. Qg2 Bd4+ 38. Rf2 Qe6 39. Bg4 Bxf2+
40. Kxf2 Qf6+ 41. Bf3 Rxe4 42. Rd5 Rd4 43. Qg5 Qxg5 44. Rxg5 Rxd6 45. Bxb7 Rd2+
46. Ke3 Rxa2 47. Bd5 Kg7 48. Bc4 f5 49. Rg1 Ne5 50. Bd5 Kf6 51. Rc1 f4+ 52. Kd4
Rd2+ 53. Ke4 Re2+ 54. Kd4 Kf5 55. Ra1 Rd2+ 56. Kc5 f3 57. Rxa6 f2 58. Bg2 g5
59. b4 Nd3+ 60. Kc4 Nf4 61. Bf1 Rd1 0-1

[Event "SVM_Regionalliga_2023-24"]
[Site "?"]
[Date "2023.11.05"]
[Round "4.2"]
[White "Al Soliman, Osama"]
[Black "Borriss, Benjamin"]
[Result "1/2-1/2"]
[WhiteElo "1931"]
[BlackElo "1881"]
[PlyCount "112"]
[EventDate "2023.11.05"]
[WhiteTeam "Satranç Club 1"]
[BlackTeam "SG Siebengebirge 1"]

1. d4 d5 2. c4 e6 3. Nc3 Nf6 4. cxd5 exd5 5. Bg5 Be7 6. Qc2 O-O 7. e3 c6 8. Bd3
h6 9. Bh4 Nbd7 10. Nf3 Re8 11. O-O Ne4 12. Bxe7 Qxe7 13. Rae1 f5 14. Nd2 Ndf6
15. f3 Nxd2 16. Qxd2 Qb4 17. Qf2 Bd7 18. a3 Qd6 19. Qg3 Qxg3 20. hxg3 Re7 21.
e4 fxe4 22. fxe4 dxe4 23. Nxe4 Nxe4 24. Rxe4 Rae8 25. Bc4+ Be6 26. Rxe6 Rxe6
27. Rf3 b5 28. Ba2 Kh7 29. Bxe6 Rxe6 30. Rf7 {(=)} a5 31. Kf2 Kg6 32. Rd7 Kf6
33. d5 cxd5 34. Rxd5 Re5 35. Rd6+ Kf5 36. Kf3 Rc5 37. g4+ Ke5 38. Rg6 Rc2 39.
Rxg7 Rxb2 40. g5 Rb3+ 41. Kf2 hxg5 42. Rxg5+ Kf4 43. Rc5 Rb2+ 44. Ke1 Ke3 45.
Kd1 Kd4 46. Kc1 Rb3 47. Kc2 a4 48. Rf5 Kc4 49. Rf4+ Kc5 50. Rf3 b4 {(=)} 51.
Rxb3 axb3+ 52. Kxb3 bxa3 53. Kxa3 Kd4 54. Kb2 Ke3 55. Kc2 Kf4 56. g3+ Kxg3
1/2-1/2

[Event "SVM_Regionalliga_2023-24"]
[Site "?"]
[Date "2023.11.05"]
[Round "4.3"]
[White "Wambach, Patrick"]
[Black "Schüler, Hans-Ulrich"]
[Result "1-0"]
[WhiteElo "1961"]
[BlackElo "1927"]
[PlyCount "83"]
[EventDate "2023.11.05"]
[WhiteTeam "SG Siebengebirge 1"]
[BlackTeam "Satranç Club 1"]

1. Nf3 e6 2. c4 d5 3. cxd5 exd5 4. g3 Bd6 5. Bg2 Ne7 6. O-O O-O 7. Nc3 c6 8. d3
Bg4 9. e4 Nd7 10. Qc2 dxe4 11. dxe4 Ne5 12. Nxe5 Bxe5 13. h3 Be6 14. Be3 Qc8
15. Kh2 f5 16. Bc5 Qc7 17. f4 Bd6 18. Bxd6 Qxd6 19. e5 Qc5 20. Rf2 Rad8 21. Rd2
Rxd2 22. Qxd2 Nc8 23. Rd1 Kf7 24. Qd4 Qxd4 25. Rxd4 Nb6 26. b3 Ke7 27. Bf3 Rd8
28. Rxd8 Kxd8 29. g4 h6 30. gxf5 Bxf5 31. Ne2 Ke7 32. Nd4 Bb1 33. a3 Nd7 34. b4
a6 35. Bg4 c5 36. Nf5+ Bxf5 37. Bxf5 cxb4 38. axb4 Nb6 39. Be4 a5 40. bxa5 Nc4
41. Bxb7 Nxa5 42. Bd5 1-0

[Event "SVM_Regionalliga_2023-24"]
[Site "?"]
[Date "2023.11.05"]
[Round "4.4"]
[White "Proba, Stefan"]
[Black "Schild, Willi"]
[Result "1-0"]
[WhiteElo "1895"]
[BlackElo "1857"]
[PlyCount "117"]
[EventDate "2023.11.05"]
[WhiteTeam "Satranç Club 1"]
[BlackTeam "SG Siebengebirge 1"]

1. d4 d5 2. Nf3 Nf6 3. c4 c6 4. e3 Bf5 5. Nc3 e6 6. Qb3 Qc8 7. Be2 h6 8. O-O
Be7 9. Bd2 O-O 10. Rac1 Nbd7 11. cxd5 exd5 12. a3 Re8 13. Qd1 Qc7 14. h3 a6 15.
Be1 Bd6 16. Bd3 Bxd3 17. Qxd3 Qb6 18. Rc2 Rac8 19. b4 Ne4 20. Nd2 Ndf6 21.
Ndxe4 dxe4 22. Qd2 a5 23. bxa5 Qa6 24. Qc1 Bc7 25. Na4 Nd7 26. Nc5 Nxc5 27.
Rxc5 Bd6 28. Rc2 Qd3 29. Bb4 Bb8 30. Rc3 Qe2 31. Qd1 Qa2 32. Qb3 Qe2 33. Qd1
Qa2 34. Qc2 Qe6 35. Qe2 Qd7 36. f4 exf3 37. Qxf3 Re6 38. Rc5 Qc7 39. Re5 Rce8
40. Bc3 Qd7 41. Rxe6 Qxe6 42. e4 f6 43. e5 fxe5 44. dxe5 Ba7+ 45. Kh1 Bc5 46.
Bb4 Rf8 47. Qe2 Rxf1+ 48. Qxf1 Qxe5 49. Qc4+ Qd5 50. Qxd5+ cxd5 51. Bxc5 Kf7
52. Kg1 g6 53. Kf2 Ke6 54. Ke3 Ke5 55. Bd4+ Kd6 56. Kf4 Kc6 57. h4 Kd6 58. g4
Ke6 59. h5 1-0

[Event "SVM_Regionalliga_2023-24"]
[Site "?"]
[Date "2023.11.05"]
[Round "4.5"]
[White "Borriss, Claudia"]
[Black "Rublack, Valentin"]
[Result "1/2-1/2"]
[WhiteElo "1950"]
[BlackElo "1647"]
[PlyCount "100"]
[EventDate "2023.11.05"]
[WhiteTeam "SG Siebengebirge 1"]
[BlackTeam "Satranç Club 1"]

1. d4 d5 2. Nf3 f5 3. g3 e6 4. Bg2 Bd6 5. Bf4 Nf6 6. Nbd2 O-O 7. c3 Nbd7 8. Qb3
Ne4 9. Nxe4 fxe4 10. Ng5 Qf6 11. e3 h6 12. Nh3 g5 13. Bxd6 cxd6 14. O-O b6 15.
Qa3 Qe7 16. f3 Nf6 17. fxe4 dxe4 18. Nf2 Bb7 19. Bh3 a5 20. Ng4 Nxg4 21. Bxg4
Ba6 22. Rxf8+ Rxf8 23. Qb3 Rf6 24. Qxb6 Bd3 25. Re1 Qf8 26. Bh3 g4 27. Bg2 Rf2
28. Qb3 d5 29. Qd1 Rxb2 30. Qxg4+ Kh7 31. Qf4 Qxf4 32. gxf4 Rxa2 33. Bh3 a4 34.
Bxe6 Bc4 35. Rb1 Bb3 36. Bd7 Kg6 37. Be8+ Kf6 38. Bd7 Re2 39. Ra1 {(=)} Rxe3
40. Bxa4 Bxa4 41. Rxa4 Rxc3 42. Ra5 Kf5 43. Rxd5+ Kxf4 44. Rh5 e3 45. Kf1 Ke4
46. d5 Rc1+ 47. Ke2 Rc2+ 48. Kd1 Rd2+ 49. Ke1 Rxd5 50. Rxh6 Kd3 {(=)} 1/2-1/2

[Event "SVM_Regionalliga_2023-24"]
[Site "?"]
[Date "2023.11.05"]
[Round "4.7"]
[White "Geuer, Martin"]
[Black "Jalalzada, Elvin"]
[Result "0-1"]
[WhiteElo "1784"]
[BlackElo "1878"]
[PlyCount "71"]
[EventDate "2023.11.05"]
[WhiteTeam "SG Siebengebirge 1"]
[BlackTeam "Satranç Club 1"]

1. d4 d5 2. Bf4 Nf6 3. e3 e6 4. Nd2 Bd6 5. Bg3 c5 6. c3 Nc6 7. Ngf3 Bxg3 8.
hxg3 c4 9. b3 cxb3 10. axb3 Ne4 11. Nxe4 dxe4 12. Nd2 f5 13. Qh5+ Kf8 14. f3
exf3 15. Nxf3 Qf6 16. Nh4 Ne7 17. Bb5 g6 18. Qh6+ Qg7 19. Qg5 h6 20. Qf4 g5 21.
Qc7 gxh4 22. O-O Ng6 23. Qd8+ Kf7 24. Rxf5+ exf5 25. Bc4+ Be6 26. Qd7+ Kg8 27.
Qxe6+ Kh7 28. Qxf5 Rhf8 29. Qg4 hxg3 30. Qxg3 Kh8 31. Ra5 Rf6 32. Rc5 Rc6 33.
Rf5 Rf8 34. Rd5 a6 35. Rh5 Ne7 36. e4 0-1

[Event "SVM_Regionalliga_2023-24"]
[Site "?"]
[Date "2023.11.05"]
[Round "4.8"]
[White "Akpinar, Abuzer"]
[Black "Delekat, Julian"]
[Result "0-1"]
[WhiteElo "1382"]
[BlackElo "1630"]
[PlyCount "58"]
[EventDate "2023.11.05"]
[WhiteTeam "Satranç Club 1"]
[BlackTeam "SG Siebengebirge 1"]

1. e4 c6 2. Nf3 d5 3. exd5 cxd5 4. d4 Nf6 5. Be2 Bg4 6. O-O e6 7. Ne5 Bxe2 8.
Qxe2 a6 9. c3 Bd6 10. Bg5 h6 11. Bh4 O-O 12. f4 Be7 13. Nd2 Nbd7 14. Rae1 Nxe5
15. fxe5 Nh7 16. Bg3 b5 17. a3 a5 18. b4 axb4 19. axb4 Ra2 20. Qd3 Bg5 21. Nf3
Qc7 22. h4 Be7 23. Ra1 Rfa8 24. Qb1 Rxa1 25. Qd3 Rxf1+ 26. Qxf1 Qxc3 27. Be1
Qc4 28. Qf2 Ra2 29. Qe3 Qe2 0-1

[Event "SVM_Regionalliga_2023-24"]
[Site "?"]
[Date "2023.11.05"]
[Round "4.1"]
[White "Reinöhl, Christian"]
[Black "Klemenz, Luca"]
[Result "1/2-1/2"]
[WhiteElo "2130"]
[BlackElo "2061"]
[PlyCount "72"]
[EventDate "2023.11.05"]
[WhiteTeam "SK Troisdorf 1"]
[BlackTeam "Klub Kölner SF 3"]

1. c4 e5 2. Nc3 Nf6 3. Nf3 Nc6 4. e4 Bb4 5. d3 d6 6. g3 Bg4 7. h3 Bxf3 8. Qxf3
Nd4 9. Qd1 a6 10. Bg2 O-O 11. O-O Bc5 12. Rb1 b5 13. b4 Bb6 14. a4 c6 15. Kh2
a5 16. axb5 axb4 17. Ne2 cxb5 18. Nxd4 Bxd4 19. Rxb4 bxc4 20. Rxc4 Ra2 21. Rc2
Rxc2 22. Qxc2 d5 23. exd5 Nxd5 24. Ba3 Re8 25. Qc4 Nf6 26. Rb1 Bxf2 27. Rb7 Re6
28. Qb3 Qd4 29. Bd5 Bxg3+ 30. Kxg3 Nh5+ 31. Kf3 Rf6+ 32. Ke2 Ng3+ 33. Kd1 Rf1+
34. Kc2 Qf2+ 35. Kc3 Qd4+ 36. Kc2 Qf2+ 1/2-1/2

[Event "SVM_Regionalliga_2023-24"]
[Site "?"]
[Date "2023.11.05"]
[Round "4.2"]
[White "Meyer, Emil"]
[Black "Schwarz, Andreas"]
[Result "0-1"]
[WhiteElo "2022"]
[BlackElo "2138"]
[PlyCount "90"]
[EventDate "2023.11.05"]
[WhiteTeam "Klub Kölner SF 3"]
[BlackTeam "SK Troisdorf 1"]

1. e4 c6 2. d4 d5 3. e5 c5 4. dxc5 e6 5. Nf3 Nd7 6. b4 a5 7. c4 axb4 8. cxd5
exd5 9. Qxd5 Ne7 10. Qb3 Nxc5 11. Qxb4 Nc6 12. Qb2 Nd3+ 13. Bxd3 Qxd3 14. Qe2
Bf5 15. Bd2 Nb4 16. Bxb4 Bxb4+ 17. Nfd2 O-O 18. f4 Rfc8 19. Qxd3 Bxd3 20. Kf2
Bc5+ 21. Kf3 Bd4 22. Nb3 Bxa1 23. Nxa1 Rxa2 24. Nb3 Bxb1 25. Rxb1 Rc3+ 26. Ke4
Rc4+ 27. Ke3 Rb4 28. Kd3 Rxg2 29. Rd1 Rxb3+ 30. Kc4 h5 31. Kxb3 Rxh2 32. Rd8+
Kh7 33. Rd7 Kg6 34. f5+ Kxf5 35. Rxf7+ Kg6 36. Rxb7 Re2 37. Rb5 h4 38. Kc3 h3
39. Kd4 h2 40. Rb1 Kf5 41. Rh1 g5 42. Kd3 Ra2 43. Ke3 g4 44. e6 Kxe6 45. Kf4
Rg2 0-1

[Event "SVM_Regionalliga_2023-24"]
[Site "?"]
[Date "2023.11.05"]
[Round "4.3"]
[White "Fuß, Jean-Pierre"]
[Black "Terwagne, Bertrand"]
[Result "1-0"]
[WhiteElo "1988"]
[BlackElo "1903"]
[PlyCount "49"]
[EventDate "2023.11.05"]
[WhiteTeam "SK Troisdorf 1"]
[BlackTeam "Klub Kölner SF 3"]

1. d4 d5 2. Nf3 Nf6 3. g3 Bf5 4. Bg2 e6 5. c4 c6 6. Nc3 h6 7. Qb3 Qb6 8. Bf4
dxc4 9. Qxc4 Qxb2 10. O-O Qb4 11. Nd2 Qxc4 12. Nxc4 Bb4 13. Nd6+ Bxd6 14. Bxd6
Nbd7 15. e4 Bg6 16. d5 Rc8 17. Rac1 Nb6 18. Rfd1 Bh5 19. f3 cxd5 20. exd5 Nfxd5
21. Nxd5 Rxc1 22. Rxc1 exd5 23. Rc7 Kd8 24. Rxb7 Re8 25. Bc7+ 1-0

[Event "SVM_Regionalliga_2023-24"]
[Site "?"]
[Date "2023.11.05"]
[Round "4.4"]
[White "Graf, Peter"]
[Black "Both, David"]
[Result "0-1"]
[WhiteElo "1909"]
[BlackElo "1933"]
[PlyCount "108"]
[EventDate "2023.11.05"]
[WhiteTeam "Klub Kölner SF 3"]
[BlackTeam "SK Troisdorf 1"]

1. e4 c6 2. Nf3 d5 3. exd5 cxd5 4. Ne5 Nf6 5. d4 g6 6. Bd3 Nc6 7. c3 Nxe5 8.
dxe5 Nd7 9. Qe2 e6 10. O-O Qc7 11. Re1 Bg7 12. Bf4 Nc5 13. Nd2 Nxd3 14. Qxd3 b6
15. Nb3 Bd7 16. Nd4 Rc8 17. Qe3 h6 18. h4 Qd8 19. Qg3 Bf8 20. Bd2 h5 21. Bg5
Be7 22. Bxe7 Qxe7 23. Re3 Rc4 24. Rf3 Rh7 25. Rf6 Kd8 26. Re1 Kc8 27. Qd3 Kb7
28. Re3 Be8 29. Ref3 a6 30. b3 Rc7 31. c4 Qd8 32. R3f4 Qd7 33. Qf3 Rc5 34. Nc2
Ka7 35. Ne3 d4 36. Nc2 Rxe5 37. Rxd4 Qe7 38. Qf4 Re2 39. Nb4 e5 40. Nd5 exf4
41. Nxe7 Rxe7 42. Rdxf4 Re6 43. Rxe6 fxe6 44. Rf6 Re7 45. f3 Kb7 46. Kf2 Kc6
47. b4 Kd6 48. f4 Rf7 49. Rxf7 Bxf7 50. a3 e5 51. c5+ bxc5 52. fxe5+ Kxe5 53.
bxc5 Kd5 54. Kf3 Be6 0-1

[Event "SVM_Regionalliga_2023-24"]
[Site "?"]
[Date "2023.11.05"]
[Round "4.5"]
[White "Möws, Thomas"]
[Black "Richter, Götz"]
[Result "0-1"]
[WhiteElo "1759"]
[BlackElo "1896"]
[PlyCount "86"]
[EventDate "2023.11.05"]
[WhiteTeam "SK Troisdorf 1"]
[BlackTeam "Klub Kölner SF 3"]

1. d4 Nf6 2. Nc3 d5 3. Bf4 Bf5 4. Nf3 e6 5. Nh4 Bd6 6. Nxf5 exf5 7. Bg5 c6 8.
e3 Nbd7 9. Bd3 g6 10. O-O Qc7 11. h3 h6 12. Bxf6 Nxf6 13. f3 O-O-O 14. e4 fxe4
15. fxe4 Nxe4 16. Bxe4 dxe4 17. Nxe4 f5 18. Nxd6+ Rxd6 19. c3 c5 20. Qa4 cxd4
21. cxd4 Qb6 22. Rad1 Rhd8 23. Rf4 Rd5 24. Kh1 Kb8 25. Qa3 g5 26. Rf3 f4 27.
Rfd3 Ra5 28. Qb3 Rb5 29. Qf7 Rxb2 30. d5 Qd6 31. Re1 a6 32. Re6 Rb1+ 33. Kh2
Qc5 34. h4 Qg1+ 35. Kh3 Qh1+ 36. Kg4 Qxg2+ 37. Kh5 Qh2 38. d6 Qxh4+ 39. Kg6 g4
40. Qe7 Qg5+ 41. Qxg5 hxg5 42. Kxg5 f3 43. Kxg4 f2 0-1